Linear systems /

Guardado en:
Autor Principal: Kailath, Thomas.
Formato: Libro
Idioma:English
Publicado: Englewood Cliffs, N.J. : Prentice-Hall, c1980.
Series:Prentice-Hall information and system science series
Materias:
Etiquetas: Agregar Etiqueta
Sin Etiquetas, Sea el primero en etiquetar este registro!
LEADER 00718cam a2200229 a 4500
001 MAT.inmabb006379
008 790514s1980####njua#####b####001#0#eng##
005 20170523130731.0
245 1 0 |a Linear systems /  |c Thomas Kailath. 
260 |a Englewood Cliffs, N.J. :  |b Prentice-Hall,  |c c1980. 
300 |a xxi, 682 p. :  |b il. ;  |c 24 cm. 
490 0 |a Prentice-Hall information and system science series 
504 |a Incluye referencias bibliográficas e índice. 
510 4 |a MR,  |c 82a:93001 
020 |a 0135369614 
100 1 |a Kailath, Thomas. 
650 0 |a System analysis. 
650 0 |a Linear systems. 
084 |a 93-01  |2 MR 
010 |a  79014928  
040 |a DLC  |c DLC  |d DLC 
859 |h 93  |i K13  |p A-8610  |b BIB. MATEMATICA